1711 1382 1060 1671 1426 1195 1703 1133 1371 1985 1773 1782 1472 1929 1756 1014 1028 1285 1734 1906 1363 1082 1123 1602 1486 1108 1309 1973 1159 1608 1232 1383 1019 1349 1625 1914 1355 1053 1211 1974 1241 1957 1973 1330 1830 1047 1562 1322 1099 1334 1926 1712 1243 1760 1420 1152 1816 1210 1037 1920 1480 1929 1399 1623 1922 1222 1205 1127 1699 1905 1621 1780 1165 1225 1531 1069 1113 1053 1249 1010 1635 1017 1166 1290 1031 1984 1251 1090 1753 1619 1462 1296 1688 1087 1027 1106 1330 1504 1268 BCNSPRNW ULIB Ver.6.0+V

เปลี่ยนเป็นภาษาไทย

Change to English
 แสดงรายละเอียดบรรณานุกรม
  กลับหน้าหลัก

Brief Record : Get Marc (ISO 2709) : E-mail record : QR code < ปิดหน้าต่าง
LEADER : 00000nam 2200000uu 4500
001    13399126124
003     ULIB
008    180611s2012||||th 000 0 tha d
020    ^a9781438071770 (pbk. with MP3 CD)
050 00 ^aPE1128^bS532B
100 1  ^aSharpe, Pamela J.,^eauthor.
245 10 ^aBarron the Leader in Test Preparation Outsmart theTOEFL Test Strategies and Tips /^bPamelaJ. Sharpe, Ph.D.
246 3  ^aBarron the Leader in Test Preparation
260    ^aNew York^bBarron Educational Series,Inc^c2012
300    ^a391 pages :^billustrations ;^c28 cm ^e1MP3-CD(digital ; 4 3/4 in.)
650  0 ^aTest of English as a Foreign Language^vStudy guides.
650  0 ^aEnglish language^xExaminations^vStudy guides.
650  0 ^aEnglish language^vSound recordings for foreign speakers.
945    ^p875^l0^i004216
945    ^p875^l0^i004217
999    ^aวรรณษา ชูชัยมงคล
รายการนี้ยังไม่มีแท็ก
คุณยังไม่ได้ล็อกอิน คุณสามารถมีกิจกรรมร่วมกับเว็บไซต์ได้ แต่ต้องล็อกอินก่อน ::
  ล็อกอิน

รายการสื่อสารสนเทศ

ลำดับที่ ประเภท เลขเรียก/บาร์โค้ด สถานที่ สถานะ
1. วิทยาศาสตร์การแพทย์ และสุขภาพ
หนังสือสำรอง
สถานะ=หนังสือสำรอง
PE1128 S532B ฉ.1 
  Barcode: 004216
ห้องสมุดวิทยาเขตนครสวรรค์
►นวนิยาย:l:Fiction
บนชั้น
2. วิทยาศาสตร์การแพทย์ และสุขภาพ
วิทยาศาสตร์การแพทย์ และสุขภาพ
PE1128 S532B ฉ.2 
  Barcode: 004217
ห้องสมุดวิทยาเขตนครสวรรค์
►นวนิยาย:l:Fiction
บนชั้น

BibComment


ยังไม่เคยถูกคอมเมนท์

คอมเมนท์ทรัพยากรรายการนี้
  คอมเมนท์: Barron the Leade..


 Copyright 2026. Bcnsprnw @Library